365 câu hỏi và trả lời

Salvato in:
Dettagli Bibliografici
Natura: Libro
Lingua:Undetermined
Pubblicazione: Tp. Hồ Chí Minh Trẻ 1999
Soggetti:
Tags: Aggiungi Tag
Nessun Tag, puoi essere il primo ad aggiungerne! !
Thư viện lưu trữ: Trung tâm Học liệu Trường Đại học Cần Thơ
LEADER 00508nam a2200181Ia 4500
001 CTU_37058
008 210402s9999 xx 000 0 und d
020 |b 8.000đ 
082 |a 001 
082 |b B100/T.7 
245 0 |a 365 câu hỏi và trả lời 
245 0 |c Võ Văn Điểm, Phạm Minh Kha sưu tầm 
260 |a Tp. Hồ Chí Minh 
260 |b Trẻ 
260 |c 1999 
650 |a Knowledge,Science 
904 |i Minh 
980 |a Trung tâm Học liệu Trường Đại học Cần Thơ